Eliminación por categoría - Países #4 - Estadísticas

Estadísticas generales
  • Esta prueba ha sido intentada 16.796 veces
  • La puntuación promedio es 14 de 20
Estadísticas de respuestas
Grupo # Categoría % Correcto
Verde 73 Países con menos habitantes que Irlanda
99%
Verde 60 ... con una superficie menor que Irlanda
98%
Naranja 145 Países con blanco en su bandera nacional
88%
Verde 11 ... en las Américas
86%
Azul 157 Países con su capital al norte del ecuador
86%
Naranja 51 ... con menos de 5 millones de habitantes
84%
Naranja 13 ... que estén en Europa
82%
Azul 35 ... que no tiene salida al mar
80%
Morado 93 Países en Asia o Europa
80%
Verde 5 ... que termina con la letra A
79%
Morado 43 ... con azul en su bandera nacional
79%
Morado 22 ... con una superficie mayor a 100.000km².
78%
Morado 6 ... con más de 50 millones de habitantes
75%
Naranja 5 ... con negro en su bandera nacional
66%
Azul 17 ... con una elevación mínima bajo 100m
55%
Naranja 1 ... y que empiece por una vocal Estonia
44%
Azul 6 ... con una superficie inferior a 50.000 km².
43%
Verde 1 ... y una altitud máxima mayor a 2000m Jamaica
40%
Morado 1 ... y sin fronteras terrestres Filipinas
31%
Azul 1 ... y que se encuentre fuera de Europa Bután
18%
No se encontraron pruebas coincidentes
Distribución de puntuación
Porcentaje de gente con cada puntuación
Porcentaje por número respondido
Historial de tus puntuaciones
No has intentado esta prueba.